000 00673nam a2200229Ia 4500
003 OSt
005 20220928121403.0
006 a|||||r|||| 00| 0
007 ta
008 220927b |||||||| |||| 00| 0 eng d
024 _a51322
037 _cTextual
040 _aSDCL
_cSDCL
_beng
041 _2eng
_aeng
082 _aV41:1958'N4, M9
100 _aWilbur C Martin
_9436601
245 0 _aMissionaries of revolution
_b Soviet advisers and nationalist China,1920-1927
260 _aLondon
_bHarvard University Press
_c1989
300 _axii,904p
_ccm.
942 _hV41:1958'N4, M9
_cTEXL
_2CC
999 _c765836
_d765836